2021–2022 NBA Statistical Leaders - Statistics

General Stats
  • This quiz has been taken 22,349 times
    20,574 since last reset
  • The average score is 21 of 48
Answer Stats
Answer % Correct
Stephen Curry
97%
LeBron James
96%
Joel Embiid
93%
Nikola Jokić
91%
G. Antetokounmpo
89%
Luka Dončić
85%
James Harden
84%
Chris Paul
78%
Russell Westbrook
78%
Rudy Gobert
72%
Trae Young
72%
Devin Booker
71%
Jayson Tatum
71%
DeMar DeRozan
59%
Donovan Mitchell
55%
LaMelo Ball
52%
Dejounte Murray
49%
Domantas Sabonis
44%
Jaren Jackson Jr.
44%
Robert Williams
42%
Marcus Smart
41%
Deandre Ayton
40%
Clint Capela
39%
Jrue Holiday
38%
Buddy Hield
37%
Jarrett Allen
35%
Nikola Vučević
33%
Darius Garland
32%
Kyle Lowry
32%
Duncan Robinson
31%
Mitchell Robinson
31%
Tyrese Haliburton
30%
Evan Mobley
28%
Fred VanVleet
28%
Jonas Valanciunas
25%
Aaron Gordon
20%
Desmond Bane
20%
Herbert Jones
14%
Jakob Poeltl
12%
Matisse Thybulle
11%
Gary Trent Jr.
10%
Hassan Whiteside
10%
Wendell Carter Jr.
10%
Mo Bamba
8%
Evan Fournier
7%
Daniel Gafford
6%
Malik Beasley
6%
Montrezl Harrell
4%
No matching quizzes found
Score Distribution
Percent of People with Each Score
Percentile by Number Answered
Your Score History
You have not taken this quiz since the last reset